000 00877cam a22001937 4500
001 e 11000706
003 DLC
005 20260227111155.0
008 990728s1905 nyu l000 0 eng
010 _ae 11000706
040 _aDLC
_cDLC
050 0 0 _aMLCM 2008/40041 (L)
245 0 0 _aReports of an investigation concerning the cost of maintaining the public school system of the City of New York :
_btogether with an analysis of the Board of Education departmental estimate for 1906 /
_cby the Department of Finance (Investigations Division), submitted to the Board of Estimate and Apportionment. New York, October 31, 1905.
260 _aNew York :
_bM. B. Brown,
_c1905.
300 _a82 p. ;
_c25 cm.
650 0 _aSchools
_zNew York (State)
_zNew York.
650 0 _aEducation
_zNew York (State)
_zNew York
_xFinance.
710 1 _aNew York (N.Y.).
_bDepartment of Finance.
999 _c19162
_d19162